000 00306nam a2200145Ia 4500
100 _aWeeks/Michael
650 _aDSP
942 _cBK
366 _f17.5
654 _aDSP
245 _aDigital signal processing using Matlab
260 _b#N/A
_c2007
082 _a621.3822/WEE
_bWEE
546 _aENGLISH
999 _c20980
_d20980